Programa de manejo fitosanitario en vid en el Departamento del Valle del Cauca / (Registro nro. 35844)

Detalles MARC
000 -CABECERA
Longitud fija campo de control 00825nam a22002177a 4500
003 - • IDENTIFICADOR DELl NÚMERO DE CONTROL
Identificador del número de control CO-ViMGA
005 - • FECHA Y HORA DE LA ÚLTIMA TRANSACCIÓN
Fecha y hora de la última transacción 20230915233141.0
008 - • CÓDIGOS DE INFORMACIÓN DE LONGITUD FIJA
Códigos de información de longitud fija 160901b xxu||||| |||| 00| 0 eng d
020 ## - • NÚMERO INTERNACIONAL NORMALIZADO PARA LIBROS
Número Internacional Normalizado para Libros (ISBN) 9789587752557
040 ## - FUENTE DE LA CATALOGACIÓN
Centro catalogador de origen CO-ViMGA
Lengua de catalogación spa
Centro transcriptor CO-ViMGA
082 04 - • NÚMERO DE LA CLASIFICACIÓN DECIMAL DEWEY
Número de clasificación (R) 634.8 M28p
100 1# - • PUNTO DE ACCESO PRINCIPAL-NOMBRE DE PERSONA
Nombre de persona Mesa C, Nora Cristina
245 10 - • TITULO PROPIAMENTE DICHO
Título Programa de manejo fitosanitario en vid en el Departamento del Valle del Cauca /
Mención de responsabilidad, etc. Nora Cristina, Mesa C
300 ## - • DESCRIPCIÓN FÍSICA
Extensión 55 p.:
Otras características físicas il. ; 28 cm.
500 ## - • NOTA GENERAL
Nota general Incluye referencias bibliográficas
650 14 - • PUNTO DE ACCESO ADICIONAL DE MATERIA - TÉRMINO DE MATERIA
Fuente del encabezamiento o término Uvas
Subdivisión de materia general Cultivo
Subdivisión geográfica Valle del cauca
650 14 - • PUNTO DE ACCESO ADICIONAL DE MATERIA - TÉRMINO DE MATERIA
Fuente del encabezamiento o término Uvas
Subdivisión de materia general Enfermedades
650 14 - • PUNTO DE ACCESO ADICIONAL DE MATERIA - TÉRMINO DE MATERIA
Fuente del encabezamiento o término Uvas
Subdivisión de materia general Plagas
942 ## - ENTRADA DE ELEMENTOS AGREGADOS (KOHA)
Koha [por defecto] tipo de item LIbro
Fuente de clasificaión o esquema Dewey Decimal Classification
Existencias
Perdido Fuente de clasificación o esquema Estado Físico No para préstamo Forma de adquisición Localización permanente Localización actual Fecha adquisición Coste, precio normal de compra Préstamos totales Signatura completa Código de barras Fecha última consulta Número de copia Fecha del precio de reemplazo Tipo de item de Koha
  Dewey Decimal Classification     Sala Especializada Tercer Piso Biblioteca Pública Germán Arciniegas - Villavicencio Biblioteca Pública Germán Arciniegas - Villavicencio 09/01/2016 15870.00   634.8 M28p 30366 09/01/2016 Ej. 1 09/01/2016 LIbro









Instituto Departamental de Cultura del Meta - Red Departamental de Bibliotecas Públicas del Meta.